Gray Anatomía. (Registro nro. 38)

Detalles MARC
000 -LEADER
fixed length control field 00934 am a2200241 a 4500
005 - FECHA ULTIMA MODIFICACION
control field 20240627110433.0
008 - CAMPO DE CONTROL (LIBRO)
fixed length control field 100305s1996||||sp a f |||| 001 0 spa d
020 ## - INTERNATIONAL STANDARD BOOK NUMBER
ISBN 8481742279
041 ## - CODIGO DE IDIOMA
Código de idioma del texto/pista de sonido o título separado spa
092 ## - SIGNATURA TOPOGRAFICA DEWEY LOCAL
número de clasificación 611
libristica 95
sección WIL
100 1# - ENTRADA PRINCIPAL--NOMBRE PERSONAL
Nombre personal Williams, Peter L.
9 (RLIN) 153
245 ## - TITULO PROPIAMENTE DICHO
Título Gray Anatomía.
Subtítulo y Título paralelo T.2 /
Mención de responsabilidad y remanente de la transcripción de la portada Peter L. Williams
250 ## - MENCION DE EDICION
Mención de edición 36a ed. versión español de la obra original en inglés
Mención de responsabilidad relacionada con la ed. Traducción Celestino Barastegui Almagro ; Ginés Domenech Ratto ; Manuel Nombela Gómez ; Alfonso Puchades Ort ; Juan Antonio Durán Otero ; Miguel Angel Renart Pita y Margarita Varela Morales
260 ## - PIE DE IMPRENTA
Lugar de publicación, distribución, etc Madrid:
Nombre de la editorial, distribuidor, etc Churchill Livingstone;
Fecha de publicación 1996.
300 ## - DESCRIPCION FISICA
Extension 882-1672 p.
500 ## - NOTA GENERAL
Nota general Williams, P. L. y Warwick, R. (1996). Gray anatomía. T.2 (36a ed.). Madrid : Churchill Livingstone.
653 ## - TÉRMINO INDIZADO - PALABRAS CLAVES
Palabra clave Neurología
653 ## - TÉRMINO INDIZADO - PALABRAS CLAVES
Palabra clave Esplacnología
700 1# - ENTRADAS SECUNDARIAS - NOMBRE PERSONAL
Nombre personal Warwick, Roger.
9 (RLIN) 154
930 ## - NUMERO DE INVENTARIO
Número de inventario 211
930 ## - NUMERO DE INVENTARIO
Número de inventario 134
942 ## - ADDED ENTRY ELEMENTS (KOHA)
Source of classification or shelving scheme Dewey Decimal Classification
Item type Libros
Existencias
Estado de retiro Existencia Fuente de clasificación Estado general No para prestamo Colección Ubicación permanente ubicación actual Sala de ubicación Fecha de adquisición Total Checkouts Número de clasificación Código de barras Date last seen Date last borrowed Número de ejemplar Price effective from Koha tipo de elemento (item) Public note Coded location qualifier Total Renewals Checked out
    Dewey Decimal Classification     Reference Biblioteca Medicina Biblioteca Medicina Referencia 13/05/2011 2 611 95 WIL 211 06/11/2014 20/09/2012 ej.1 08/07/2011 Reference LIBRO DE CONSULTA Hemeroteca 2022      
    Dewey Decimal Classification       Biblioteca Medicina Biblioteca Medicina Circulación 13/05/2011 20 611 95 WIL 134 16/09/2025 09/09/2025 ej.2 08/07/2011 Libros Hemeroteca 2022      
    Dewey Decimal Classification       Biblioteca Medicina Biblioteca Medicina Referencia 07/09/2011 1 611 95 WIL 220 06/11/2014 22/09/2011 ej.3 07/09/2011 Libros LIBRO DE CATEDRA   12 01/03/2029

UNIVERSIDAD NACIONAL DEL COMAHUE
Biblioteca de la Facultad de Ciencias Médicas
Sede Toschi: Los Arrayanes y Av. Toschi, Cipolletti  - Rio Negro
Sede Los Tordos:  Yrigoyen al 2211, Cipolletti - Rio Negro 

Teléfono: 0299 - 4774707 int 25
Contacto: biblioteca@facimed.uncoma.edu.ar
© 2011 - 2026